| 000 | 00664nam a2200229Ia 4500 | ||
|---|---|---|---|
| 008 | 171120s9999 xx 000 0 und d | ||
| 020 | _a9.7814748022e+012 | ||
| 050 | _a32.02 | ||
| 050 | _bO585 2015 | ||
| 245 | _a1000 amazing facts : | ||
| 245 | _bincredible but true facts about everything! / | ||
| 260 | _aNew York : | ||
| 260 | _bParragon, | ||
| 260 | _c2015 | ||
| 300 | _a191 pages : | ||
| 300 | _bcolor illustrations ; | ||
| 300 | _c27cm. | ||
| 650 | _aChildrens' questions and answers. | ||
| 650 | _aCuriosities and wonders. | ||
| 650 | _aFacts. | ||
| 700 | _aTitle : One thousand amazing facts : incredible but true facts about everything. | ||
| 999 |
_c345148 _d345148 |
||